|
|
|
|
| LEADER |
00000nab a2200000 a 4500 |
| 001 |
vtls000902484 |
| 003 |
SK-MaSNL |
| 005 |
20260302175838.0 |
| 008 |
040720e19991119xo 0 slo |
| 035 |
|
|
|a KE11457
|
| 040 |
|
|
|a KEVKJB
|b slo
|c KEVKJB
|e AACR2
|
| 041 |
0 |
|
|a slo
|
| 044 |
|
|
|a xo
|c SK
|
| 080 |
|
|
|a 902
|2 1981
|
| 080 |
|
|
|a 725.96
|2 1981
|
| 100 |
1 |
|
|a Duchoň, Jozef
|4 aut
|9 317656
|
| 245 |
1 |
0 |
|a Košické mestské brány v predstavách vekov
|
| 300 |
|
|
|b 3 obr.
|
| 650 |
0 |
7 |
|a hradby
|2 KEVKJB
|9 877299
|
| 650 |
0 |
7 |
|a opevnenia
|2 KEVKJB
|9 2990
|
| 650 |
0 |
7 |
|a mestské brány
|2 KEVKJB
|9 87189
|
| 651 |
|
7 |
|a Košice (Slovensko)
|2 KEVKJB
|9 18694
|
| 651 |
|
7 |
|a KE,
|2 KEVKJB
|9 877256
|
| 655 |
|
7 |
|a periodikum
|2 snkbucl
|9 29553
|
| 655 |
|
7 |
|a štúdie
|2 KEVKJB
|9 57033
|
| 773 |
0 |
8 |
|t Košický večer
|g Roč. 10
|g Roč. 31, 19.11.1999, s. 4
|
| 773 |
0 |
8 |
|i Príl.:
|t Magazín. - Roč. 4, č. 46 (1999)
|
| 852 |
|
|
|a ZVYKNI
|b KIS3GCP
|
| 999 |
|
|
|c 1408494
|d 1410424
|